Fr. Conceicao Rodrigues College of Engineering

The complete reference JAVA 2 (Record no. 33486)

MARC details
000 -LEADER
fixed length control field 00393nam a2200181Ia 4500
082 ## - DEWEY DECIMAL CLASSIFICATION NUMBER
Classification number 005.133J/SCH
Item number SCH
100 ## - MAIN ENTRY--PERSONAL NAME
Personal name Schildt/Herbert
250 ## - EDITION STATEMENT
Edition statement 5
245 ## - TITLE STATEMENT
Title The complete reference JAVA 2
260 ## - PUBLICATION, DISTRIBUTION, ETC.
Name of publisher, distributor, etc. Tata Mc Graw hill Ltd.
Place of publication, distribution, etc. New Delhi
Date of publication, distribution, etc. 1968
366 ## - TRADE AVAILABILITY INFORMATION
Publishers's discount category 20
300 ## - PHYSICAL DESCRIPTION
Extent 17-07-2007
546 ## - LANGUAGE NOTE
Language note ENGLISH
650 ## - SUBJECT ADDED ENTRY--TOPICAL TERM
Topical term or geographic name entry element Java
654 ## - SUBJECT ADDED ENTRY--FACETED TOPICAL TERMS
Focus term Java 2
942 ## - ADDED ENTRY ELEMENTS (KOHA)
Koha item type BOOK
Holdings
Withdrawn status Lost status Damaged status Not for loan Collection Home library Current library Shelving location Date acquired Source of acquisition Cost, normal purchase price Inventory number Total Checkouts Full call number Barcode Date last seen Cost, replacement price Price effective from Koha item type Date last checked out
        CRC Fr. Agnel's C.Rodrigues College of Engineering Fr. Agnel's C.Rodrigues College of Engineering   17/03/2023 Professional Book House. 430.00 52 dt 14/07/2007   005.133J/SCH SCH 17525 17/03/2023 450.00   BOOK  
        CRC Fr. Agnel's C.Rodrigues College of Engineering Fr. Agnel's C.Rodrigues College of Engineering   17/03/2023 Professional Book House. 430.00     005.133J/SCH SCH 17527 17/03/2023 450.00   BOOK  
        CRC Fr. Agnel's C.Rodrigues College of Engineering Fr. Agnel's C.Rodrigues College of Engineering   17/03/2023 Professional Book House. 430.00     005.133J/SCH SCH 17528 17/03/2023 450.00   BOOK  
        CRC Fr. Agnel's C.Rodrigues College of Engineering Fr. Agnel's C.Rodrigues College of Engineering   17/03/2023 Professional Book House. 430.00     005.133J/SCH SCH 17529 17/03/2023 450.00   BOOK  
        CRC Fr. Agnel's C.Rodrigues College of Engineering Fr. Agnel's C.Rodrigues- College of Engineering   17/03/2023 Professional Book House. 430.00   1 005.133J/SCH SCH 17526 31/07/2023 450.00   BOOK 25/07/2023